All About Harry Potter Quiz Stats

 Plays Quiz Updated Jul 31, 2018

Support Sporcle.
Go Orange.
Score 0/107 Timer 20:00
37 Plays Today
Answer % Correct
Dudley Dursley
95.6%
Harry Potter
95.3%
Harry Potter
95.3%
Ginny Weasley
94.5%
Ginny Weasley
94.5%
Severus Snape
94.3%
Severus Snape
94.2%
Petunia Dursley
93.3%
Harry Potter
92.8%
Harry Potter
92.8%
Vernon Dursley
91.8%
Nearly Headless Nick
90.7%
Ginny Weasley
90%
Cedric Diggory
88.7%
Viktor Krum
88.4%
Fred Weasley
87.8%
Fred Weasley
87.8%
Minerva McGonagall
87.8%
Minerva McGonagall
87.8%
George Weasley
87.8%
George Weasley
87.8%
James Potter
87.6%
Ron Weasley
87.5%
Dobby
86.3%
Lily Potter (most likely)
85.3%
Percy Weasley
85%
Sirius Black
84.8%
Voldemort/Tom Riddle
83.5%
Bill Weasley
83.4%
Fluffy
83%
Peter Pettigrew
82.8%
Fleur Delacour
82.8%
Draco Malfoy
82.5%
Marjorie Dursley
82%
Remus Lupin
81.9%
Charlie Weasley
81.9%
Answer % Correct
Molly Weasley
81.7%
Mudblood
81.2%
Cruciatus
80.6%
Arthur Weasley
80.3%
Bloody Baron
80.2%
Pomona Sprout
79.5%
Kreacher
79.2%
Filius Flitwick
78.9%
Bartemius Crouch, Jr. (as Mad-Eye Moody)
78.9%
Avada Kedavra
78.6%
Buckbeak
78.6%
Dumbledore's Army
78.5%
Gilderoy Lockhart
77.4%
Dolores Umbridge
77.2%
Horcrux
77.2%
Oliver Wood
76.6%
Quirinus Quirrell
76.5%
Fang
75.7%
Lucius Malfoy
75.6%
Imperius
74.3%
Gregory Goyle
74.3%
Nymphadora Tonks
74%
Norbert(a)
73.2%
Salazar Slytherin
73.1%
Vincent Crabbe
73%
Aragog
72.6%
Rita Skeeter
72.5%
Grey Lady
71.8%
Hermione Granger
70.9%
Sybill Trelawney
69%
Lily Evans
67.5%
Ordinary Wizarding Level
66.7%
Defense against the Dark Arts
66.4%
Winky
65.9%
Squib
65.7%
Katie Bell
64.3%
Answer % Correct
Galleon
62.9%
Outstanding
60.9%
Amycus Carrow
60.3%
Firenze
59.7%
Pansy Parkinson
59.5%
Fat Friar
59.4%
Cuthbert Binns
58.7%
Angelina Johnson
58.6%
Marvolo Gaunt
55%
Troll
54.9%
Veritaserum
50%
Exceeds Expectations
48.1%
Acceptable
46.9%
Moaning Myrtle
46.7%
Alicia Spinnet
46.2%
Merope Gaunt
41%
Blaise Zabini
40.4%
Tom Riddle Sr.
40.3%
Poor
37.5%
Dreadful
37.1%
Hepzibah Smith
36.7%
Cormac McLaggen
36.3%
Hokey
36.2%
Morfin Gaunt
33.2%
Nastily Exhausting Wizarding Test
32.4%
Septima Vector
30.5%
Society for the Promotion of Elfish Welfare
30.3%
Aurora Sinistra
29.4%
Astoria Greengrass
27.8%
Millicent Bulstrode
24.9%
Bertha Jorkins
19.4%
Montague
14.5%
Bathsheda Babbling
13.8%
Warrington
11.6%
Melinda Bobbin
9%

From the Vault

Female Fiction Four

by NJSB

Sort out the works of these fabulous female authors.
Remove Ads.
Support Sporcle.
Get the best of Sporcle when you Go Orange. This ad-free experience offers more features, more stats, and more fun while also helping to support Sporcle. Thank you for becoming a member.

Show Comments

Extras

Top Quizzes Today


Score Distribution

Your Account Isn't Verified!

In order to create a playlist on Sporcle, you need to verify the email address you used during registration. Go to your Sporcle Settings to finish the process.

Report this User

Report this user for behavior that violates our Community Guidelines.

Details: